[Event "10th Sharjah Cup Women 2020"]
[Site "Sharjah"]
[Date "2020.01.04"]
[Round "1.1"]
[White "Fatima, Saif Al-Ali"]
[Black "Bulmaga, Irina"]
[Result "0-1"]
[WhiteElo "1339"]
[BlackElo "2446"]
[Annotator "ChessBase"]
[PlyCount "120"]
[EventDate "2020.01.04"]
[EventType "swiss"]
[EventCountry "UAE"]
[SourceTitle "playchess.com"]
[Source "ChessBase"]
[SourceQuality "1"]
[TimeControl "5400+30"]

1. e4 {[%emt 0:00:00]} c5 {[%emt 0:00:00]} 2. Nf3 {[%emt 0:00:00]} d6 {[%emt 0:00:00]} 3. d4 {[%emt 0:00:05]} cxd4 {[%emt 0:00:00]} 4. Nxd4 {[%emt 0:00:07]} Nf6 {[%emt 0:00:01]} 5. Nc3 {[%emt 0:00:21]} a6 {[%emt 0:00:06]} 6. f4 {[%emt 0:00:30]} e5 {[%emt 0:01:11]} 7. Nf3 {[%emt 0:01:23]} Nc6 {[%emt 0:00:16]} 8. Bc4 {[%emt 0:05:27]} Be7 {[%emt 0:00:21]} 9. O-O {[%emt 0:00:23]} O-O {[%emt 0:00:15]} 10. a3 {[%emt 0:09:43]} exf4 {[%emt 0:04:48]} 11. Bxf4 {[%emt 0:00:46]} Ng4 {[%emt 0:01:19]} 12. Nd5 {[%emt 0:02:57]} Nge5 {[%emt 0:01:21]} 13. Be2 {[%emt 0:07:27]} Be6 {[%emt 0:00:57]} 14. Qd2 {[%emt 0:05:18]} Nxf3+ {[%emt 0:02:01]} 15. Bxf3 {[%emt 0:00:33]} Ne5 {[%emt 0:02:12]} 16. Nxe7+ {[%emt 0:01:25]} Qxe7 {[%emt 0:00:03]} 17. Rad1 {[%emt 0:01:31]} Rfd8 {[%emt 0:00:26]} 18. Qb4 {[%emt 0:06:59]} Qc7 {[%emt 0:09:15]} 19. Rd2 {[%emt 0:09:38]} Nc4 {[%emt 0:09:36]} 20. Rd4 {[%emt 0:04:45]} a5 {[%emt 0:02:44]} 21. Qc3 {[%emt 0:00:35]} Qb6 {[%emt 0:01:34]} 22. Kh1 {[%emt 0:04:14]} Rac8 {[%emt 0:00:38]} 23. b3 {[%emt 0:02:58]} Nxa3 {[%emt 0:00:33]} 24. Qd3 {[%emt 0:00:17]} Nxc2 {[%emt 0:01:24]} 25. Rxd6 {[%emt 0:00:23]} Rxd6 {[%emt 0:00:10]} 26. Qxd6 {[%emt 0:00:20]} Qxd6 {[%emt 0:00:07]} 27. Bxd6 {[%emt 0:00:07]} Bxb3 {[%emt 0:00:22]} 28. Rb1 {[%emt 0:00:54]} a4 {[%emt 0:00:19]} 29. Bd1 {[%emt 0:00:31]} Rc6 {[%emt 0:02:28]} 30. Bxc2 {[%emt 0:01:20]} Rxd6 {[%emt 0:01:24]} 31. Bxb3 {[%emt 0:00:17]} axb3 {[%emt 0:00:07]} 32. Kg1 {[%emt 0:00:09]} Rd3 {[%emt 0:00:16]} 33. Kf1 {[%emt 0:00:20]} Kf8 {[%emt 0:00:04]} 34. Ke2 {[%emt 0:00:12]} Rc3 {[%emt 0:00:03]} 35. Rb2 {[%emt 0:00:50]} Rc2+ {[%emt 0:00:09]} 36. Rxc2 {[%emt 0:00:08]} bxc2 {[%emt 0:00:04]} 37. Kd2 {[%emt 0:00:07]} Ke7 {[%emt 0:00:04]} 38. Kxc2 {[%emt 0:00:07]} Kd6 {[%emt 0:00:05]} 39. Kd3 {[%emt 0:00:12]} Ke5 {[%emt 0:00:06]} 40. Ke3 {[%emt 0:00:17]} b5 {[%emt 0:00:03]} 41. Kd3 {[%emt 0:00:12]} h5 {[%emt 0:00:08]} 42. h3 {[%emt 0:00:15]} b4 {[%emt 0:00:11]} 43. Kc4 {[%emt 0:00:05]} Kxe4 {[%emt 0:00:06]} 44. Kxb4 {[%emt 0:00:07]} Kf4 {[%emt 0:00:08]} 45. Kc4 {[%emt 0:00:08]} Kg3 {[%emt 0:00:04]} 46. Kd4 {[%emt 0:00:07]} Kxg2 {[%emt 0:00:07]} 47. Ke5 {[%emt 0:00:06]} Kxh3 {[%emt 0:00:05]} 48. Kf5 {[%emt 0:00:08]} h4 {[%emt 0:00:05]} 49. Kf4 {[%emt 0:00:17]} Kg2 {[%emt 0:00:05]} 50. Kg4 {[%emt 0:00:11]} h3 {[%emt 0:00:05]} 51. Kf4 {[%emt 0:00:09]} h2 {[%emt 0:00:05]} 52. Ke5 {[%emt 0:00:07]} h1=Q {[%emt 0:00:07]} 53. Kd6 {[%emt 0:00:07]} f5 {[%emt 0:00:06]} 54. Kc7 {[%emt 0:00:09]} f4 {[%emt 0:00:06]} 55. Kb6 {[%emt 0:00:06]} Qc1 {[%emt 0:00:06]} 56. Ka5 {[%emt 0:00:06]} Qb2 {[%emt 0:00:05]} 57. Ka4 {[%emt 0:00:12]} f3 {[%emt 0:00:05]} 58. Ka5 {[%emt 0:00:09]} f2 {[%emt 0:00:04]} 59. Ka6 {[%emt 0:00:08]} f1=Q+ {[%emt 0:00:07]} 60. Ka5 {[%emt 0:00:11]} Qfb5# {[%emt 0:00:07]} 0-1

[Event "10th Sharjah Cup Women 2020"]
[Site "Sharjah"]
[Date "2020.01.04"]
[Round "1.2"]
[White "Socko, Monika"]
[Black "Khezrian, Nooralzahra"]
[Result "1-0"]
[WhiteElo "2413"]
[BlackElo "1310"]
[Annotator "TA"]
[PlyCount "39"]
[EventDate "2020.01.04"]
[EventType "swiss"]
[EventCountry "UAE"]
[SourceTitle "playchess.com"]
[Source "ChessBase"]
[SourceQuality "1"]

{[%evp 12,39,10,32,52,45,59,55,52,40,121,79,91,84,240,254,451,428,948,965,1158,878,1227,1214,1178,1137,29986,29987,29989,29990]} 1. e4 e5 2. Nf3 Nc6 3. d4 exd4 4. Nxd4 Bc5 5. Nb3 Bb6 6. Nc3 d6 7. Qe2 {7.a4 is not played anymore.} Bd7 {C45: Scotch Game.} 8. Be3 {[#]} Nge7 $146 ({Predecessor:} 8... Bxe3 9. Qxe3 Nf6 10. O-O-O Qe7 11. g3 O-O-O 12. h3 h5 13. Bg2 Rde8 14. Rhe1 Nh7 15. Nd5 {1-0 (23) Papp,P (2334)-Rosmait,E (1910) Germany 2018}) 9. O-O-O Bxe3+ {White is slightly better.} 10. Qxe3 f5 (10... O-O $14) 11. f4 fxe4 12. Nxe4 Bf5 $2 {[#]} (12... O-O $16) 13. Bc4 $1 $18 h6 $2 (13... b5) 14. Rhe1 Bh7 {[#]} (14... b5 $142) 15. Nbc5 $1 {[%mdl 512]} Bg8 (15... Bf5 16. Nxb7) 16. Nxb7 Qb8 17. Nbxd6+ cxd6 18. Bxg8 Rxg8 19. Nxd6+ Kf8 20. Qe6 {[%csl Gd6][%cal Re6f7] White took control after the opening.  Weighted Error Value: White=0.10/Black=1.00} 1-0

[Event "10th Sharjah Cup Women 2020"]
[Site "Sharjah"]
[Date "2020.01.04"]
[Round "1.3"]
[White "Aysha Nasser H Alshamsi"]
[Black "Sukandar, Irine Kharisma"]
[Result "0-1"]
[WhiteElo "1303"]
[BlackElo "2402"]
[Annotator "TA"]
[PlyCount "46"]
[EventDate "2020.01.04"]
[EventType "swiss"]
[EventCountry "UAE"]
[SourceTitle "playchess.com"]
[Source "ChessBase"]
[SourceQuality "1"]

{[%evp 20,52,17,9,53,6,25,26,18,19,22,0,6,0,25,-1,0,-387,-386,-385,-271,-395,-215,-341,-327,-340,-327,-318,-322,-669,-624,-812,-791,-29997,-29998]} 1. e4 e5 2. Nf3 Nc6 3. Bc4 Bc5 4. d3 Nf6 5. Nbd2 O-O 6. O-O a6 7. Bb3 h6 8. h3 Ba7 9. Re1 d6 10. c3 Be6 11. Nf1 d5 {C54: Giuoco Piano: 4 c3 Nf6, main lines with 5 d4 and 5 d3} (11... Re8 12. N3h2 Qd7 13. Qf3 Kh7 14. Ng3 d5 15. Bc2 d4 16. Nf5 Bxf5 17. exf5 e4 18. dxe4 Ne5 19. Qd1 d3 20. Bb3 {0-1 (29) Andriasian,Z (2603)-Nakamura,H (2763) chess.com INT 2018}) 12. Qe2 d4 13. Ng3 Qd7 {White has an edge.} 14. Ba4 b5 15. Bc2 Rad8 16. a4 Bb6 17. Kh2 Qe7 18. Nh4 $2 {[%mdl 8192] [#]} (18. Bd2 $11) 18... Ng4+ $1 $19 {[%mdl 576] Discovered Attack} 19. hxg4 {And now Ngf5 would win.} Qxh4+ {[%mdl 64] Double Attack} 20. Kg1 $146 Bxg4 (20... dxc3 $142 21. Be3 Bxg4) 21. Qf1 (21. Nf5 $142 Qh5 22. Qd2) 21... dxc3 22. Nf5 Bxf5 23. exf5 cxb2 {Played: Nc6-d4} 0-1

[Event "10th Sharjah Cup Women 2020"]
[Site "Sharjah"]
[Date "2020.01.04"]
[Round "1.4"]
[White "Assaubayeva, Bibisara"]
[Black "Khalil, Reem"]
[Result "1-0"]
[WhiteElo "2375"]
[BlackElo "1295"]
[Annotator "ChessBase"]
[PlyCount "75"]
[EventDate "2020.01.04"]
[EventType "swiss"]
[EventCountry "UAE"]
[SourceTitle "playchess.com"]
[Source "ChessBase"]
[SourceQuality "1"]
[TimeControl "5400+30"]

1. d4 {[%emt 0:00:00]} d6 {[%emt 0:00:00]} 2. e4 {[%emt 0:00:04]} Nf6 {[%emt 0:00:00]} 3. Bd3 {[%emt 0:01:11]} e5 {[%emt 0:00:22]} 4. Nf3 {[%emt 0:01:08]} Nbd7 {[%emt 0:00:15]} 5. c3 {[%emt 0:00:51]} Be7 {[%emt 0:00:11]} 6. O-O {[%emt 0:00:26]} O-O {[%emt 0:00:25]} 7. Bg5 {[%emt 0:02:00]} h6 {[%emt 0:01:53]} 8. Bh4 {[%emt 0:00:38]} Nh7 {[%emt 0:01:51]} 9. Bg3 {[%emt 0:00:48]} Ng5 {[%emt 0:01:42]} 10. Nbd2 {[%emt 0:00:13]} Nxf3+ {[%emt 0:00:44]} 11. Nxf3 {[%emt 0:00:02]} Bf6 {[%emt 0:01:23]} 12. Re1 {[%emt 0:01:17]} Re8 {[%emt 0:01:26]} 13. Qc2 {[%emt 0:02:15]} Nf8 {[%emt 0:04:53]} 14. h3 {[%emt 0:01:44]} Nh7 {[%emt 0:02:36]} 15. Rad1 {[%emt 0:02:55]} Ng5 {[%emt 0:02:53]} 16. dxe5 {[%emt 0:06:48]} Nxf3+ {[%emt 0:03:18]} 17. gxf3 {[%emt 0:00:02]} Bxe5 {[%emt 0:00:25]} 18. f4 {[%emt 0:00:06]} Bf6 {[%emt 0:00:48]} 19. e5 {[%emt 0:02:15]} Bh4 {[%emt 0:04:59]} 20. Bf1 {[%emt 0:06:34]} Bxg3 {[%emt 0:06:43]} 21. fxg3 {[%emt 0:00:02]} g6 {[%emt 0:06:14]} 22. Qf2 {[%emt 0:02:10]} d5 {[%emt 0:07:47]} 23. c4 {[%emt 0:01:32]} c6 {[%emt 0:02:00]} 24. Bg2 {[%emt 0:00:16]} Qa5 {[%emt 0:03:56]} 25. cxd5 {[%emt 0:00:13]} cxd5 {[%emt 0:01:26]} 26. a3 {[%emt 0:00:24]} Be6 {[%emt 0:00:47]} 27. g4 {[%emt 0:00:13]} Rad8 {[%emt 0:16:35]} 28. Rd4 {[%emt 0:00:58]} Rf8 {[%emt 0:06:59]} 29. b4 {[%emt 0:03:32]} Qb5 {[%emt 0:02:22]} 30. f5 {[%emt 0:00:22]} Bc8 {[%emt 0:04:03]} 31. Red1 {[%emt 0:00:28]} Rde8 {[%emt 0:07:30]} 32. Rxd5 {[%emt 0:03:52]} Qa4 {[%emt 0:00:27]} 33. R1d3 {[%emt 0:03:18]} b6 {[%emt 0:00:41]} 34. Rd6 {[%emt 0:02:30]} Rxe5 {[%emt 0:03:33]} 35. Bc6 {[%emt 0:01:29]} Qa6 {[%emt 0:01:31]} 36. fxg6 {[%emt 0:00:22]} Be6 {[%emt 0:00:56]} 37. Qf6 {[%emt 0:04:17]} Re2 {[%emt 0:01:25]} 38. g7 {[%emt 0:00:34]} 1-0

[Event "10th Sharjah Cup Women 2020"]
[Site "Sharjah"]
[Date "2020.01.04"]
[Round "1.5"]
[White "Al Ghafri, Alanoud"]
[Black "Gong, Qianyun"]
[Result "0-1"]
[WhiteElo "1257"]
[BlackElo "2371"]
[Annotator "ChessBase"]
[PlyCount "88"]
[EventDate "2020.01.04"]
[EventType "swiss"]
[EventCountry "UAE"]
[SourceTitle "playchess.com"]
[Source "ChessBase"]
[SourceQuality "1"]
[TimeControl "5400+30"]

1. d4 {[%emt 0:00:00]} Nf6 {[%emt 0:00:00]} 2. c4 {[%emt 0:00:00]} e6 {[%emt 0:01:14]} 3. Nf3 {[%emt 0:00:19]} b6 {[%emt 0:00:11]} 4. g3 {[%emt 0:04:50]} Bb7 {[%emt 0:00:10]} 5. Bg2 {[%emt 0:00:57]} g6 {[%emt 0:00:44]} 6. O-O {[%emt 0:01:05]} Bg7 {[%emt 0:02:07]} 7. Nc3 {[%emt 0:02:21]} Ne4 {[%emt 0:01:24]} 8. e3 {[%emt 0:09:33]} Nxc3 {[%emt 0:06:13]} 9. bxc3 {[%emt 0:00:26]} d6 {[%emt 0:00:52]} 10. Qc2 {[%emt 0:05:46]} O-O {[%emt 0:03:32]} 11. e4 {[%emt 0:06:23]} Nc6 {[%emt 0:04:13]} 12. d5 {[%emt 0:11:04]} Na5 {[%emt 0:01:25]} 13. Nd2 {[%emt 0:03:31]} Ba6 {[%emt 0:04:42]} 14. Re1 {[%emt 0:07:39]} Nxc4 {[%emt 0:05:47]} 15. Nxc4 {[%emt 0:00:28]} Bxc4 {[%emt 0:00:04]} 16. Bd2 {[%emt 0:05:35]} Qd7 {[%emt 0:01:06]} 17. Rab1 {[%emt 0:01:40]} a5 {[%emt 0:00:21]} 18. Bf1 {[%emt 0:01:56]} exd5 {[%emt 0:00:28]} 19. Bxc4 {[%emt 0:01:35]} dxc4 {[%emt 0:00:03]} 20. Qb2 {[%emt 0:05:57]} Rae8 {[%emt 0:00:24]} 21. Qb5 {[%emt 0:02:07]} Qxb5 {[%emt 0:00:19]} 22. Rxb5 {[%emt 0:00:06]} f5 {[%emt 0:00:05]} 23. exf5 {[%emt 0:00:55]} Rxe1+ {[%emt 0:00:04]} 24. Bxe1 {[%emt 0:00:20]} Rxf5 {[%emt 0:00:04]} 25. Rxf5 {[%emt 0:01:17]} gxf5 {[%emt 0:00:03]} 26. Kg2 {[%emt 0:00:35]} b5 {[%emt 0:00:04]} 27. Kf3 {[%emt 0:00:35]} Kf7 {[%emt 0:00:04]} 28. Ke2 {[%emt 0:00:37]} c5 {[%emt 0:00:09]} 29. Kd1 {[%emt 0:00:24]} b4 {[%emt 0:00:20]} 30. Kc2 {[%emt 0:00:26]} Ke6 {[%emt 0:00:21]} 31. f3 {[%emt 0:00:45]} d5 {[%emt 0:00:16]} 32. Kb2 {[%emt 0:00:46]} d4 {[%emt 0:00:11]} 33. Kc2 {[%emt 0:03:45]} d3+ {[%emt 0:00:21]} 34. Kb2 {[%emt 0:00:42]} bxc3+ {[%emt 0:00:06]} 35. Bxc3 {[%emt 0:00:14]} d2 {[%emt 0:00:07]} 36. Kc2 {[%emt 0:01:02]} Bxc3 {[%emt 0:00:05]} 37. h3 {[%emt 0:00:31]} Kd5 {[%emt 0:00:15]} 38. g4 {[%emt 0:00:42]} fxg4 {[%emt 0:00:05]} 39. fxg4 {[%emt 0:00:56]} Kd4 {[%emt 0:00:09]} 40. h4 {[%emt 0:00:19]} Ke3 {[%emt 0:00:05]} 41. Kd1 {[%emt 0:00:26]} Kd3 {[%emt 0:00:10]} 42. g5 {[%emt 0:00:13]} Bd4 {[%emt 0:00:08]} 43. h5 {[%emt 0:00:34]} c3 {[%emt 0:00:06]} 44. a3 {[%emt 0:00:32]} c2# {[%emt 0:00:05]} 0-1

[Event "10th Sharjah Cup Women 2020"]
[Site "Sharjah"]
[Date "2020.01.04"]
[Round "1.6"]
[White "Zimina, Olga"]
[Black "McDonald, Margaret"]
[Result "1-0"]
[WhiteElo "2367"]
[BlackElo "1254"]
[Annotator "TA"]
[PlyCount "71"]
[EventDate "2020.01.04"]
[EventType "swiss"]
[EventCountry "UAE"]
[SourceTitle "playchess.com"]
[Source "ChessBase"]
[SourceQuality "1"]

{[%evp 14,70,43,33,56,49,46,40,58,4,15,0,0,0,0,-2,10,0,66,54,95,97,177,178,210,202,271,277,590,606,618,612,606,580,586,436,483,473,571,446,834,722,834,819,789,616,903,917,996,987,29994,29995,29996,29997,29997,29998,29998,29999,29999]} 1. Nf3 Nf6 2. g3 d5 3. Bg2 e6 4. c4 Be7 5. O-O O-O 6. d4 c5 7. cxd5 Nxd5 8. Nc3 b6 {E06: Closed Catalan: Early deviations} 9. Nxd5 exd5 10. Ne5 Bb7 {White is slightly better.} 11. Bf4 (11. dxc5 $14 Bxc5 12. Nd3) 11... Nd7 12. Rc1 (12. Re1 Nxe5 13. Bxe5 Re8 14. dxc5 bxc5 15. e3 Bf8 16. Bc3 Qd7 17. Qh5 {1-0 (39) Meskovs,N (2542)-Sokolov,A (2497) Germany 2019}) 12... Rc8 13. Bh3 f5 14. Qa4 $146 ({Predecessor:} 14. dxc5 Nxe5 15. Bxe5 bxc5 16. Bg2 Qd7 17. Qb3 {1-0 (44) Bagonyai,A (2279)-Szalai,K (2180) Hungary 2001}) 14... Nxe5 15. Bxe5 Ra8 (15... c4 $11) 16. Rfd1 c4 {[#]} 17. b3 $1 $36 {[%cal Bb2b3,Bb3c4,Bc4c5,Bc5c6][%mdl 2080] White is in control.} Bd6 (17... Rc8 $16 {was necessary.}) 18. bxc4 $18 Bxe5 19. dxe5 {aiming for cxd5.} d4 20. c5 Qd5 $2 (20... bxc5 {is a better chance.} 21. Rxc5 Qb6) 21. c6 b5 22. Qb3 Qxb3 23. axb3 Bc8 24. Rc5 a6 25. Rxd4 Be6 26. b4 Rad8 (26... Kf7 $142 27. Rd6 Ke7) 27. Rd6 Kf7 28. c7 Rc8 29. Rxa6 Ke7 30. Bg2 Kd7 31. Bb7 Rxc7 32. Rd6+ {White mates.} Ke7 33. Rxc7+ Ke8 34. Bc6+ {[%mdl 64] [#] Double Attack} Bd7 35. Rdxd7 {[%cal Rd7d6]} Rf7 36. Rc8# {Accuracy: White = 56%, Black = 19%.} 1-0

[Event "10th Sharjah Cup Women 2020"]
[Site "Sharjah"]
[Date "2020.01.04"]
[Round "1.8"]
[White "Radeva, Viktoria"]
[Black "Tower, Nora"]
[Result "1-0"]
[WhiteElo "2338"]
[BlackElo "1203"]
[Annotator "ChessBase"]
[PlyCount "69"]
[EventDate "2020.01.04"]
[EventType "swiss"]
[EventCountry "UAE"]
[SourceTitle "playchess.com"]
[Source "ChessBase"]
[SourceQuality "1"]
[TimeControl "5400+30"]

1. e4 {[%emt 0:00:00]} g6 {[%emt 0:00:00]} 2. d4 {[%emt 0:00:00]} Bg7 {[%emt 0:00:00]} 3. Nc3 {[%emt 0:00:00]} d6 {[%emt 0:00:02]} 4. g3 {[%emt 0:00:12]} Nf6 {[%emt 0:00:34]} 5. Bg2 {[%emt 0:00:13]} O-O {[%emt 0:00:44]} 6. Nge2 {[%emt 0:00:17]} Re8 {[%emt 0:01:48]} 7. O-O {[%emt 0:00:50]} Nbd7 {[%emt 0:01:31]} 8. h3 {[%emt 0:01:14]} e5 {[%emt 0:01:47]} 9. d5 {[%emt 0:01:44]} b6 {[%emt 0:04:49]} 10. g4 {[%emt 0:04:18]} a5 {[%emt 0:03:39]} 11. Ng3 {[%emt 0:01:54]} Nc5 {[%emt 0:09:12]} 12. Be3 {[%emt 0:04:19]} Bb7 {[%emt 0:05:56]} 13. Qd2 {[%emt 0:02:37]} c6 {[%emt 0:04:31]} 14. g5 {[%emt 0:03:25]} Nfd7 {[%emt 0:01:20]} 15. dxc6 {[%emt 0:00:22]} Bxc6 {[%emt 0:00:25]} 16. Qxd6 {[%emt 0:00:32]} Bb7 {[%emt 0:03:21]} 17. Rfd1 {[%emt 0:03:38]} Re7 {[%emt 0:00:33]} 18. h4 {[%emt 0:05:44]} Rc8 {[%emt 0:03:47]} 19. Bh3 {[%emt 0:01:30]} Rc6 {[%emt 0:03:46]} 20. Qd2 {[%emt 0:03:47]} Qc7 {[%emt 0:02:29]} 21. Nd5 {[%emt 0:00:54]} Qd6 {[%emt 0:03:25]} 22. Nxe7+ {[%emt 0:00:13]} Qxe7 {[%emt 0:00:12]} 23. Bxd7 {[%emt 0:00:08]} Rc7 {[%emt 0:00:46]} 24. Bh3 {[%emt 0:01:00]} Nxe4 {[%emt 0:02:16]} 25. Qd8+ {[%emt 0:00:31]} Qxd8 {[%emt 0:00:23]} 26. Rxd8+ {[%emt 0:00:04]} Bf8 {[%emt 0:00:07]} 27. Nxe4 {[%emt 0:00:17]} Bxe4 {[%emt 0:00:11]} 28. c3 {[%emt 0:00:16]} Kg7 {[%emt 0:00:31]} 29. Rad1 {[%emt 0:00:38]} Bc6 {[%emt 0:00:26]} 30. Rb8 {[%emt 0:00:48]} b5 {[%emt 0:00:15]} 31. Rdd8 {[%emt 0:00:20]} f6 {[%emt 0:01:23]} 32. Rxf8 {[%emt 0:00:07]} fxg5 {[%emt 0:00:24]} 33. Rg8+ {[%emt 0:00:12]} Kf7 {[%emt 0:00:21]} 34. Rbf8+ {[%emt 0:00:05]} Ke7 {[%emt 0:00:16]} 35. Bc5# {[%emt 0:00:04]} 1-0

[Event "10th Sharjah Cup Women 2020"]
[Site "Sharjah"]
[Date "2020.01.04"]
[Round "1.11"]
[White "Mariam Mohammed, Almaeeni"]
[Black "Heinemann, Josefine"]
[Result "0-1"]
[WhiteElo "1136"]
[BlackElo "2317"]
[Annotator "TA"]
[PlyCount "78"]
[EventDate "2020.01.04"]
[EventType "swiss"]
[EventCountry "UAE"]
[SourceTitle "playchess.com"]
[Source "ChessBase"]
[SourceQuality "1"]

{[%evp 9,85,0,29,0,-2,-28,-44,-33,0,-32,0,-4,0,-69,-56,-72,-37,-168,-164,-315,-312,-301,-303,-294,-296,-297,-287,-310,-314,-324,-307,-358,-356,-357,-354,-371,-354,-377,-384,-421,-414,-418,-415,-579,-579,-581,-579,-573,-573,-581,-532,-629,-623,-619,-594,-818,-814,-29980,-29981,-29981,-29982,-29986,-29985,-29989,-29990,-29990,-29991,-29991,-29992,-29992,-29993,-29994,-29995,-29995,-29996,-29998,-29999,-29999]} 1. Nf3 c5 2. g3 Nc6 3. Bg2 Nf6 4. b3 (4. O-O e5 5. d3 d5 6. e4 d4 7. a4 Bd6 8. Na3 h6 9. Nh4 g6 10. f4 exf4 11. gxf4 Ng4 12. Nf3 g5 13. e5 Be7 14. Qe2 gxf4 15. Bxf4 {1-0 (51) Grischuk,A (2764)-Wojtaszek,R (2728) Hamburg 2019}) 4... g6 5. Bb2 Bg7 6. d3 {A04: Unusual lines after 1 Nf3 and King's Indian Attack} O-O 7. Nbd2 d5 8. e3 {Black is slightly better.} Bf5 9. O-O Qd7 10. Re1 $146 ({Predecessor:} 10. Ne5 Nxe5 11. Bxe5 Bh3 12. Qe2 Bxg2 13. Kxg2 Rfd8 {1-0 (79) Kayumov,S (2452)-Saud,M (1967) Sharjah 2014}) 10... Bh3 11. Nh4 ({White should try} 11. Ne5 $11 Nxe5 12. Bxe5) 11... Bxg2 12. Kxg2 Rad8 13. Bxf6 (13. f4 $15) 13... Bxf6 $19 14. Ndf3 $2 (14. Rb1 {was called for.}) 14... g5 15. Nxg5 Bxg5 16. Qh5 Bxh4 17. Qxh4 Qd6 18. Qg5+ Qg6 19. Qxg6+ hxg6 20. e4 dxe4 21. Rxe4 Rd4 22. Rxd4 Nxd4 {[%mdl 4096] Endgame KRN-KR} 23. c3 Nb5 24. c4 Nd4 25. Re1 e6 26. a4 Nxb3 27. Rb1 Na5 28. Kf3 Rd8 29. Ke4 b6 30. h4 Rd4+ 31. Ke3 f5 32. Rd1 {[#]} Nxc4+ $1 33. dxc4 Rxd1 {KR-KP. Black mates.} 34. Ke2 Rd4 35. Kf1 Rxc4 36. Ke1 Rd4 37. Ke2 c4 38. Ke3 e5 39. Ke2 c3 0-1

[Event "10th Sharjah Cup Women 2020"]
[Site "Sharjah"]
[Date "2020.01.04"]
[Round "1.12"]
[White "Li, Xueyi"]
[Black "Shamsa, Amer"]
[Result "1-0"]
[WhiteElo "2307"]
[BlackElo "1136"]
[Annotator "TA"]
[PlyCount "43"]
[EventDate "2020.01.04"]
[EventType "swiss"]
[EventCountry "UAE"]
[SourceTitle "playchess.com"]
[Source "ChessBase"]
[SourceQuality "1"]

{[%evp 11,57,15,18,26,32,30,58,53,61,55,62,69,108,89,119,96,121,112,112,110,178,153,157,159,244,258,560,564,592,587,527,315,679,515,578,558,933,921,953,944,933,883,875,890,886,854,862,870]} 1. Nf3 d5 2. g3 Nc6 3. d4 Nf6 4. Bg2 g6 5. O-O Bg7 6. b3 O-O 7. Bb2 {D02: 1 d4 d5 2 Nf3 sidelines, including 2...Nf6 3 g3 and 2...Nf6 3 Bf4} Re8 (7... e6 8. Nbd2 Ne4 9. c4 f5 10. Rc1 Bd7 11. cxd5 exd5 12. b4 a6 13. Ne5 Ne7 14. Nb3 Ba4 15. Nd3 Bxb3 16. axb3 Qd6 17. e3 Rfc8 {1-0 (73) Gutman,L (2412)-Seewi,J (2098) Wiesbaden 2019}) 8. Nbd2 Nd7 $146 ({Predecessor:} 8... Bd7 9. c4 e6 10. Rc1 Rc8 11. Qc2 Nb4 12. Qb1 Bh6 13. a3 Nc6 14. e3 Ne7 {½-½ (58) Marium,F (1494)-Gosrani,R (1190) Mumbai 2019}) 9. c4 {White is slightly better.} e6 10. e4 dxe4 11. Nxe4 Nf6 12. Nc3 Ne7 13. Qd2 Nf5 14. Rad1 c6 15. Rfe1 Re7 (15... Qc7 $16 {might work better.}) 16. Ne5 Nd7 17. Ne4 Nxe5 (17... a5 $16 18. Ba3 Re8) 18. dxe5 $18 Qxd2 $2 {[#]} (18... Rd7 {is a better chance.}) 19. Rxd2 ({Not} 19. Nxd2 Bd7 $18) 19... Re8 20. Red1 b6 21. g4 Nh6 $2 (21... Nh4 22. Nd6 Rd8 23. Bxc6 Rb8) 22. Nf6+ {Played: Ne4-d6} 1-0

[Event "10th Sharjah Cup Women 2020"]
[Site "Sharjah"]
[Date "2020.01.04"]
[Round "1.13"]
[White "Mission, Cheryll Rosales"]
[Black "Abdulla, Khayala"]
[Result "0-1"]
[WhiteElo "1135"]
[BlackElo "2275"]
[Annotator "ChessBase"]
[PlyCount "50"]
[EventDate "2020.01.04"]
[EventType "swiss"]
[EventCountry "UAE"]
[SourceTitle "playchess.com"]
[Source "ChessBase"]
[SourceQuality "1"]
[TimeControl "5400+30"]

1. d4 {[%emt 0:00:00]} Nf6 {[%emt 0:00:00]} 2. Nf3 {[%emt 0:00:00]} e6 {[%emt 0:00:00]} 3. a3 {[%emt 0:00:19]} d5 {[%emt 0:00:10]} 4. Bg5 {[%emt 0:00:12]} c5 {[%emt 0:00:53]} 5. c4 {[%emt 0:00:27]} cxd4 {[%emt 0:04:15]} 6. Nxd4 {[%emt 0:01:05]} Be7 {[%emt 0:00:52]} 7. e3 {[%emt 0:00:26]} dxc4 {[%emt 0:00:28]} 8. Bxc4 {[%emt 0:00:30]} Qa5+ {[%emt 0:00:29]} 9. Nc3 {[%emt 0:00:28]} Qxg5 {[%emt 0:00:32]} 10. O-O {[%emt 0:00:59]} O-O {[%emt 0:00:25]} 11. Nf3 {[%emt 0:00:09]} Qc5 {[%emt 0:00:30]} 12. Ba2 {[%emt 0:00:12]} Nc6 {[%emt 0:00:36]} 13. Rc1 {[%emt 0:00:32]} Qh5 {[%emt 0:00:58]} 14. Ne2 {[%emt 0:00:32]} Ne5 {[%emt 0:01:48]} 15. Ng3 {[%emt 0:01:37]} Nxf3+ {[%emt 0:00:17]} 16. gxf3 {[%emt 0:00:08]} Qh3 {[%emt 0:01:02]} 17. Kh1 {[%emt 0:00:45]} Rd8 {[%emt 0:00:39]} 18. Qb3 {[%emt 0:00:16]} h5 {[%emt 0:03:33]} 19. Bb1 {[%emt 0:01:19]} h4 {[%emt 0:00:45]} 20. Rg1 {[%emt 0:01:36]} Bd6 {[%emt 0:03:39]} 21. f4 {[%emt 0:00:58]} b6 {[%emt 0:02:08]} 22. f3 {[%emt 0:02:02]} Bb7 {[%emt 0:00:41]} 23. Rcf1 {[%emt 0:03:09]} hxg3 {[%emt 0:00:20]} 24. Rxg3 {[%emt 0:00:11]} Qxf1+ {[%emt 0:00:09]} 25. Rg1 {[%emt 0:01:10]} Bxf3# {[%emt 0:00:11]} 0-1